000 00595nam a22002297a 4500
003 UA-OsUOA
001 63806
007 ta
008 20091020b un ||||| |||| 00| 0 ukr d
100 _aСологуб Ф.
090 _a821.161.1
_bС60
942 _cBK
040 _aUA-OsUOA
_brus
_cUA-OsUOA
_dUA-OsUOA
245 _aСвет и тени
_bИзбранная проза
300 _a381 с.
955 _a2
041 _arus
080 _a821.161.1
260 _aМинск
_c1988
650 7 _a82 Література. Літературознавство
_2UDC
999 _c349869
_d349869